Southville International School and Colleges
Your cart is empty.
  • Cart
  • Lists
    Public lists Eva Luna New books Lux_list list_1
    Your lists Log in to create your own lists
  • Log in to your account
  • Your cookies
  • Search history
Southville International School and Colleges
  • Advanced search
  • Recent comments
  • Most popular
  • Libraries

Log in to your account

Log in with GOOGLE


If you do not have an external account, but do have a local account, you can still log in:

  1. Home
  2. MARC view: Pirates of the Caribbean :
Normal view MARC view ISBD view

Pirates of the Caribbean : (Record no. 109243)

[ view plain ]
MARC details
000 -LEADER
fixed length control field 00404nam a2200157 a 4500
005 - DATE AND TIME OF LATEST TRANSACTION
control field 20140414093840.0
008 - FIXED-LENGTH DATA ELEMENTS--GENERAL INFORMATION
fixed length control field 071006s19uu xx 00 eng d
050 ## - LIBRARY OF CONGRESS CALL NUMBER
Classification number VCD 790
Item number PIR 2004
245 ## - TITLE STATEMENT
Title Pirates of the Caribbean :
Remainder of title the curse of the black pearl.
260 ## - PUBLICATION, DISTRIBUTION, ETC. (IMPRINT)
Place of publication, distribution, etc Sl :
Name of publisher, distributor, etc Disney,
Date of publication, distribution, etc c2004.
300 ## - PHYSICAL DESCRIPTION
Extent 2 videodisks
650 ## - SUBJECT ADDED ENTRY--TOPICAL TERM
Topical term or geographic name as entry element Film.
650 ## - SUBJECT ADDED ENTRY--TOPICAL TERM
Topical term or geographic name as entry element Pirates.
942 ## - ADDED ENTRY ELEMENTS (KOHA)
Koha item type Audio Visual Materials
Holdings
Withdrawn status Lost status Damaged status Use restrictions Home library Current library Shelving location Date acquired Source of acquisition Total Checkouts Full call number Barcode Date last seen Price effective from Koha item type
        Luxembourg Library Luxembourg Library Audio Visual Material Section 10/06/2007     VCD 790 PIR 2004 AV0875 04/14/2014 04/14/2014 Audio Visual Materials

Pirates of the Caribbean :

APA

(2004). Pirates of the Caribbean. Sl: Disney.

Chicago

2004. Pirates of the Caribbean. Sl: Disney.

Harvard

(2004). Pirates of the Caribbean. Sl: Disney.

MLA

Pirates of the Caribbean. Sl: Disney. 2004.

  • Place hold
  • Print
  • Cite
  • Add to your cart (remove)
  • Save record
    BIBTEX Dublin Core MARCXML MARC (non-Unicode/MARC-8) MARC (Unicode/UTF-8) MARC (Unicode/UTF-8, Standard) MODS (XML) RIS
  • More searches
    Search for this title in:
    Other Libraries (WorldCat) Other Databases (Google Scholar) Online Stores (Bookfinder.com) Open Library (openlibrary.org)

Exporting to Dublin Core...

SOUTHVILLE LIBRARY

Southville International School and Colleges Library

1281 Tropical Ave. Cor. Luxembourg St., BF Homes International, Las Pinas City

Tel. No. 8256374 / 252358 Loc. 117/146

Powered by Koha